00294pab a2200109 454500008004000000245004600040260000900086300001200095362001200107650003100119773003400150180718b1990 xxu||||| |||| 00| 0 eng d aReview of agriculture (a special feature) c1990 aA146-92 a29 Dec. aAgriculture And Technology aEconomic and Political Weekly